000 00306nam a22001337a 4500
008 180917b xxu||||| |||| 00| 0 eng d
020 _a0801671698
041 _aeng
080 _a617
100 _a5
101 _aKIR
245 _aSurgery A problem Solving Approach
_cDavisJ.H
942 _2udc
_cBK
999 _c47831
_d47831